New Zealand International Review

Bibliographic Details
Format: eBook
Language:English
Published: Nueva Zelanda New Zealand Institute of International Affairs 2015
Subjects:
Online Access:Acceso restringido

MARC

LEADER 00000nam a22000007a 4500
005 20160128095710.0
007 cr|||| ||u|
008 160128s19972015nz un|pos|||| 0||| 1eng d
022 |a  0110-0262 
035 |a 2936 
040 |a vLex 
090 |c 5857  |d 5857 
245 1 0 |a New Zealand International Review  |h [Recurso electrn̤ico] /  |c New Zealand Institute of International Affairs  
256 |a Servicio en ln̕ea  
260 |a Nueva Zelanda  |b New Zealand Institute of International Affairs   |c 2015 
300 |a 1 recurso electrn̤ico  
310 |a Desconocida 
506 1 |a Contenido solo disponible en los productos indicados  |d vLex Global  |d vLex Global (Academic Edition, excluding Law Schools)  |d vLex Global (U.S. Academic Edition, Law Schools)  |d vLex Global (U.S. Academic Edition, excluding Law Schools)  |d vLex Global (Academic Edition, Law Schools) 
650 0 4 |a Noticias  |z Nueva Zelanda 
740 0 |a vLex revistas (servicio en ln̕ea)  
856 4 0 |u http://vlex.com/source/new-zealand-international-review-2936  |z Acceso restringido  
942 |c REV 
999 0 |a News